Effect of panel changing on long term yield response of Hevea brasiliensis(clone RRII 105)under different frequencies of tapping and stimulatio (Record no. 47295)

MARC details
000 -LEADER
fixed length control field 00742nam a2200253Ia 4500
100 ## - MAIN ENTRY--AUTHOR NAME
Personal name Rajagopal R
245 #0 - TITLE STATEMENT
Title Effect of panel changing on long term yield response of Hevea brasiliensis(clone RRII 105)under different frequencies of tapping and stimulatio
260 ## - PUBLICATION, DISTRIBUTION, ETC. (IMPRINT)
Name of publisher Rubber Science
Year of publication Dec-13
300 ## - PHYSICAL DESCRIPTION
Number of Pages 259-273
650 ## - SUBJECT ADDED ENTRY--TOPICAL TERM
Topical Term Long term yield
650 ## - SUBJECT ADDED ENTRY--TOPICAL TERM
Topical Term Long term yield
650 ## - SUBJECT ADDED ENTRY--TOPICAL TERM
Topical Term Panel change
650 ## - SUBJECT ADDED ENTRY--TOPICAL TERM
Topical Term Panel change
650 ## - SUBJECT ADDED ENTRY--TOPICAL TERM
Topical Term RRII 105
650 ## - SUBJECT ADDED ENTRY--TOPICAL TERM
Topical Term RRII 105
650 ## - SUBJECT ADDED ENTRY--TOPICAL TERM
Topical Term Rubber yield
650 ## - SUBJECT ADDED ENTRY--TOPICAL TERM
Topical Term Rubber yield
650 ## - SUBJECT ADDED ENTRY--TOPICAL TERM
Topical Term Tapping panel dryness
650 ## - SUBJECT ADDED ENTRY--TOPICAL TERM
Topical Term Tapping panel dryness
700 ## - ADDED ENTRY--PERSONAL NAME
Personal name Karunaichamy K
700 ## - ADDED ENTRY--PERSONAL NAME
Personal name Thomas K U
942 ## - ADDED ENTRY ELEMENTS (KOHA)
Koha item type Articles
Holdings
Withdrawn status Lost status Damaged status Not for loan Home library Current library Shelving location Date acquired Serial Enumeration / chronology Koha item type
      Articles RRII Library RRII Library Physiology 19/02/2017 Volume 26, Issue 2 Articles